00693nab a2200193 uc450000100070000000500170000700800410002403500110006503500210007604000130009704100080011010000720011824500620019065000840025265000420033677300940037894200100047299900170048211520520240201130141.0961212e19960501 spa  a115205 a(OCoLC)819749781 ccomduadb aspa10aLeón Gómez, Magdalena,d1979-4aut0(viaf)32281980eaut923842910aPoliticas de poblacion versus fundamentalismos religiosos aConferencia Internacional sobre Poblacion y Desarrollo (3: Cairo: 1994)9175127 7aPolítica de población2lemb984900 tRevista Foro (Santafé de Bogotá)gNo. 29, May. 1996, p. 99-107w6971x0121-255904662 cARIMP c92235d92235